Journal of aquaculture in the tropics

Bibliographic Details
Format: Electronic Journal
Language:English
Published: Calcutta : Oxford and IBH, 1986-
Subjects:
Online Access:Full text available from Research Library: 01/01/2010 to 12/31/2012

MARC

LEADER 00000nas a2200000 a 4500
001 ssj0000627384
003 WaSeSS
005 20200512172242.0
006 m d
007 cr n
008 870120c19869999ii fr p s 0 a0eng
010 |a sn 87040064  
015 |a 010518088  |2 dnb 
016 7 |a 010518088  |2 DE-101 
016 7 |a 58678-X  |2 DE-600 
016 7 |a 007540296  |2 Uk 
022 |l 0970-0846  |y 0970-0846 
035 |a (WaSeSS)ssj0000627384 
040 |a AGL  |b eng  |c AGL  |d WAU  |d AGL  |d NST  |d OCL  |d NST  |d NSD  |d NST  |d AGL  |d OCLCQ  |d GBVCP  |d UKMGB  |d OCLCO  |d OCLCQ  |d OCLCF  |d OCLCO  |d APUMS  |d WaSeSS 
042 |a pcc  |a nsdp 
043 |a w------ 
050 4 |a SH135  |b .J68 
070 0 |a SH135.J68 
072 0 |a M120 
210 0 |a J. aquac. trop. 
222 0 |a Journal of aquaculture in the tropics 
245 0 0 |a Journal of aquaculture in the tropics  |h [electronic resource]. 
260 |a Calcutta :  |b Oxford and IBH,  |c 1986- 
310 |a Semiannual 
362 0 |a Vol. 1, no. 1 (May 1986)- 
506 |a License restrictions may limit access. 
650 0 |a Aquaculture  |z Tropics  |v Periodicals. 
650 7 |a Aquaculture.  |2 fast  |0 (OCoLC)fst00811864 
651 7 |a Tropics.  |2 fast  |0 (OCoLC)fst01240674 
655 0 |a Electronic journals. 
658 |a SST. 
850 |a AAP  |a CU-A  |a CU-S  |a CaNSHD  |a DNAL  |a MnSU  |a MoKL  |a WaU 
856 4 0 |z Full text available from Research Library: 01/01/2010 to 12/31/2012  |u https://search.proquest.com/publication/506338